[Event "Int. Stuttgarter Stadtmeisterschaft A"]
[Site "Ditzingen"]
[Date "2019.06.01"]
[Round "6.5"]
[White "Kabisch, Thilo"]
[Black "Sprangers, Remco"]
[Result "1-0"]
[WhiteElo "2341"]
[BlackElo "2230"]
[PlyCount "115"]
[EventDate "2019.??.??"]
[WhiteTeam "SK Schmiden/Cannstatt"]

1. e4 e5 2. Nf3 Nc6 3. Bb5 Nf6 4. O-O Nxe4 5. d4 Nd6 6. dxe5 Nxb5 7. a4 Nbd4 8.
Nxd4 Nxd4 9. Qxd4 d5 10. Nc3 Be6 11. f4 Qd7 12. b3 c5 13. Qd3 g6 14. Bb2 O-O-O
15. Rad1 a6 16. h3 h5 17. Rd2 Be7 18. Rfd1 c4 19. Qf3 Bc5+ 20. Kh2 Bg4 21. Qxd5
Qxd5 22. Rxd5 Bxd1 23. Rxc5+ Kb8 24. Nxd1 Rxd1 25. e6 f6 26. Bxf6 Re8 27. e7
cxb3 28. cxb3 b6 29. Rc3 Kb7 30. Rg3 Rf1 31. Rxg6 Rxf4 32. Bg5 Rd4 33. Rh6 Rd5
34. h4 b5 35. axb5 axb5 36. Rxh5 Rxe7 37. Bxe7 Rxh5 38. Kh3 Re5 39. Bg5 Kc6 40.
Kg4 Re2 41. g3 Kd5 42. Kf5 Rb2 43. h5 Rxb3 44. Bf4 Rb1 45. h6 Rh1 46. Kg6 Ke6
47. g4 Rh4 48. h7 Rxg4+ 49. Bg5 Rc4 50. h8=Q Kd5 51. Qd8+ Kc6 52. Qc8+ Kb6 53.
Bd8+ Ka7 54. Qd7+ Ka6 55. Qd6+ Kb7 56. Qb6+ Kc8 57. Qxb5 Rg4+ 58. Bg5 1-0

[Event "Int. Stuttgarter Stadtmeisterschaft A"]
[Site "Ditzingen"]
[Date "2019.06.01"]
[Round "6.6"]
[White "Neyman, Igor"]
[Black "Schmitz, Nico"]
[Result "1-0"]
[WhiteElo "2331"]
[BlackElo "1969"]
[PlyCount "79"]
[EventDate "2019.??.??"]
[WhiteTeam "Stuttgarter SF 1879"]
[BlackTeam "SF Konz-Karthaus"]

1. Nf3 d5 2. c4 c6 3. e3 e6 4. Nc3 Bd6 5. b3 f5 6. Bb2 Nf6 7. Qc2 a6 8. d4 O-O
9. Bd3 Ne4 10. O-O-O b5 11. c5 Bc7 12. Rdf1 a5 13. Ne2 a4 14. b4 Bd7 15. a3 Be8
16. Ne5 Qg5 17. h4 Qh6 18. Kb1 Nf6 19. f3 Bxe5 20. dxe5 Nfd7 21. Nf4 Bf7 22. g4
g6 23. gxf5 gxf5 24. Rfg1+ Kh8 25. Bxf5 Na6 26. Bd3 Rg8 27. Rg4 Bh5 28. Nxh5
Qxh5 29. Rhg1 Rxg4 30. Rxg4 Rg8 31. Qg2 Rxg4 32. Qxg4 Qxg4 33. fxg4 Kg7 34. Kc2
Nf8 35. Kd1 Nb8 36. Ke2 Nbd7 37. h5 h6 38. e4 Nh7 39. exd5 cxd5 40. Bxb5 1-0

[Event "Int. Stuttgarter Stadtmeisterschaft A"]
[Site "Ditzingen"]
[Date "2019.06.01"]
[Round "6.7"]
[White "Becker, Matthias"]
[Black "Khamenya, Vitalia"]
[Result "1-0"]
[WhiteElo "2287"]
[BlackElo "1877"]
[PlyCount "61"]
[EventDate "2019.??.??"]
[WhiteTeam "BG Buchen"]
[BlackTeam "SK Gräfelfing"]

1. e4 e5 2. Nf3 Nc6 3. Bc4 Bc5 4. c3 Nf6 5. d3 d6 6. Bb3 a6 7. h3 O-O 8. Nbd2
Be6 9. Bc2 Ba7 10. Nf1 Ne7 11. Ng3 Ng6 12. Nf5 d5 13. O-O Qd7 14. g4 h5 15.
gxh5 Bxf5 16. exf5 Ne7 17. Re1 Qxf5 18. Rxe5 Qxh3 19. Rxe7 Rae8 20. Re3 Ng4 21.
d4 Nxe3 22. Bxe3 Qxh5 23. Ne5 Qxd1+ 24. Rxd1 Rd8 25. Kg2 c6 26. Rh1 g6 27. Bh6
Rfe8 28. Bg5 Rd6 29. Ng4 Ree6 30. f4 Rd7 31. Bf6 1-0

[Event "Int. Stuttgarter Stadtmeisterschaft A"]
[Site "Ditzingen"]
[Date "2019.06.01"]
[Round "6.8"]
[White "Blum, Frederik"]
[Black "Müller, Thomas"]
[Result "1/2-1/2"]
[WhiteElo "1994"]
[BlackElo "2001"]
[PlyCount "32"]
[EventDate "2019.??.??"]
[WhiteTeam "Spvgg Böblingen"]
[BlackTeam "SV Schömberg"]

1. e4 e6 2. d4 d5 3. Nc3 Bb4 4. e5 Qd7 5. a3 Bxc3+ 6. bxc3 b6 7. Qg4 f5 8. Qf4
Ba6 9. Bxa6 Nxa6 10. a4 Nb8 11. h4 Nh6 12. Rh3 Nc6 13. Nf3 O-O-O 14. Nd2 Na5
15. Nb3 Nxb3 16. cxb3 a6 1/2-1/2

[Event "Int. Stuttgarter Stadtmeisterschaft A"]
[Site "Ditzingen"]
[Date "2019.06.01"]
[Round "6.9"]
[White "Yi, Danny"]
[Black "Hess, Max"]
[Result "0-1"]
[WhiteElo "2231"]
[BlackElo "2344"]
[PlyCount "68"]
[EventDate "2019.??.??"]
[WhiteTeam "SF 59 Kornwestheim"]
[BlackTeam "SC Garching 1980 e.V."]

1. e4 c6 2. Nc3 d5 3. Nf3 Nf6 4. e5 Ne4 5. d4 Nxc3 6. bxc3 c5 7. Be2 e6 8. O-O
Nc6 9. Be3 c4 10. h4 Bd7 11. Qd2 Qc7 12. Rfb1 O-O-O 13. Ng5 Be8 14. f4 h6 15.
Nf3 f6 16. Nh2 Bg6 17. Bg4 Qf7 18. a4 Be4 19. Rb2 Be7 20. Bf2 Rhg8 21. Rab1 Rd7
22. Rf1 Bd8 23. Bg3 f5 24. Bf3 g5 25. hxg5 hxg5 26. Bxe4 dxe4 27. Rf2 Qf8 28.
Ra2 Qh6 29. Qe2 gxf4 30. Bxf4 Bg5 31. Bxg5 Rxg5 32. Qxc4 Rh7 33. Kf1 Rg3 34.
Ra1 e3 0-1

[Event "Int. Stuttgarter Stadtmeisterschaft A"]
[Site "Ditzingen"]
[Date "2019.06.01"]
[Round "6.10"]
[White "Ikonnikov, Vyacheslav"]
[Black "Jerie, Sven"]
[Result "1-0"]
[WhiteElo "2503"]
[BlackElo "2060"]
[PlyCount "87"]
[EventDate "2019.??.??"]
[WhiteTeam "SF Bad Mergentheim"]
[BlackTeam "SG Ludwigsburg 1919"]

1. d4 Nf6 2. Nf3 g6 3. c4 Bg7 4. Nc3 O-O 5. e4 d6 6. Be2 e5 7. d5 a5 8. Bg5 h6
9. Bh4 Na6 10. Nd2 Nc5 11. O-O Bd7 12. b3 Qe8 13. Rb1 Nh7 14. f3 f5 15. a3 Nf6
16. Qc2 fxe4 17. fxe4 Ng4 18. Nb5 Qb8 19. Rxf8+ Bxf8 20. b4 axb4 21. axb4 Na6
22. h3 c6 23. dxc6 bxc6 24. Bxg4 Bxg4 25. hxg4 cxb5 26. Qb3 Kg7 27. Rf1 bxc4
28. Qxc4 Qa7+ 29. Bf2 Qb7 30. b5 Nc5 31. Bxc5 dxc5 32. Qe6 Qe7 33. Qc6 Rd8 34.
Nc4 Rd4 35. Ne3 Rd6 36. Qxc5 Rf6 37. Qxe7+ Bxe7 38. Rc1 Rf7 39. Nd5 Ba3 40. Rc2
Rb7 41. b6 Bd6 42. Rc6 Bb8 43. Kf2 h5 44. g5 1-0

[Event "Int. Stuttgarter Stadtmeisterschaft A"]
[Site "Ditzingen"]
[Date "2019.06.01"]
[Round "6.11"]
[White "Scholtes, Benedikt"]
[Black "Dudek, Richard"]
[Result "1/2-1/2"]
[WhiteElo "2046"]
[BlackElo "2240"]
[PlyCount "67"]
[EventDate "2019.??.??"]
[WhiteTeam "SG Trier"]
[BlackTeam "SC Eppingen"]

1. c4 Nf6 2. g3 e6 3. Bg2 Be7 4. Nf3 b6 5. O-O Bb7 6. d3 O-O 7. a3 c5 8. Bd2
Nc6 9. Nc3 d5 10. e3 d4 11. exd4 Nxd4 12. Nxd4 Bxg2 13. Nxe6 Qxd3 14. Kxg2 fxe6
15. Qe2 Qxe2 16. Nxe2 Ne4 17. Be3 Bf6 18. Rab1 Rad8 19. b4 Nd2 20. Bxd2 Rxd2
21. Nf4 Bd4 22. Rbd1 Rxd1 23. Rxd1 e5 24. Nh3 cxb4 25. axb4 a5 26. bxa5 bxa5
27. f4 a4 28. fxe5 Bxe5 29. Rd5 Bb2 30. Ra5 a3 31. Nf4 Kf7 32. Kf3 Ke7 33. Ke2
Kd6 34. Nd3 1/2-1/2

[Event "Int. Stuttgarter Stadtmeisterschaft A"]
[Site "Ditzingen"]
[Date "2019.06.01"]
[Round "6.12"]
[White "Poysti, Nathanael"]
[Black "Schallner, Marc"]
[Result "1-0"]
[WhiteElo "2219"]
[BlackElo "2045"]
[PlyCount "149"]
[EventDate "2019.??.??"]
[BlackTeam "SF 59 Kornwestheim"]

1. Nf3 d5 2. e3 Nf6 3. c4 c6 4. Nc3 Bf5 5. cxd5 Nxd5 6. d4 e6 7. Bd3 Bxd3 8.
Qxd3 Nd7 9. O-O Be7 10. e4 N5f6 11. Bf4 O-O 12. h3 h6 13. Rfe1 Nh5 14. Bh2 Bg5
15. Rad1 Nf4 16. Qc2 Ng6 17. d5 exd5 18. exd5 cxd5 19. Nxg5 hxg5 20. Rxd5 Re8
21. Red1 Qe7 22. Bd6 Qe6 23. Rxg5 Rac8 24. Rgd5 Nb6 25. R5d4 Nc4 26. Bg3 b5 27.
Re4 Qc6 28. Rxe8+ Qxe8 29. Qb3 a6 30. a4 bxa4 31. Nxa4 Qb5 32. Rd3 Re8 33. Qxb5
axb5 34. Nc5 Nxb2 35. Rb3 Na4 36. Rxb5 Nc3 37. Rb8 Rxb8 38. Bxb8 Nd5 39. g3 f6
40. Kg2 Kf7 41. Bd6 Nge7 42. Kf3 Nc6 43. Ke4 Nc3+ 44. Kd3 Nd5 45. h4 Kg6 46.
Ke4 Nc3+ 47. Kf3 Nd5 48. Bf4 Nce7 49. Ne6 Kf7 50. Nd4 Ng6 51. Ne2 Nge7 52. Ke4
Ke6 53. Nd4+ Kf7 54. h5 f5+ 55. Kf3 Nf6 56. Bg5 Neg8 57. Nxf5 Nxh5 58. Kg4
Nhf6+ 59. Bxf6 Nxf6+ 60. Kf4 Kg6 61. Ne7+ Kf7 62. Nc6 Nd5+ 63. Kg5 Nf6 64. f3
Nh7+ 65. Kf5 g6+ 66. Ke5 Nf6 67. g4 Nd7+ 68. Kd6 Nf6 69. Ne5+ Kg7 70. Nd7 Nh7
71. f4 Kf7 72. g5 Kg7 73. Ke6 Kh8 74. Kf7 Nf8 75. Kxf8 {...} 1-0

[Event "Int. Stuttgarter Stadtmeisterschaft A"]
[Site "Ditzingen"]
[Date "2019.06.01"]
[Round "6.13"]
[White "Aring, Gerd"]
[Black "Ludwig, Sebastian"]
[Result "1-0"]
[WhiteElo "2180"]
[BlackElo "2034"]
[PlyCount "47"]
[EventDate "2019.??.??"]
[WhiteTeam "SV Nürtingen 1920"]
[BlackTeam "SV Stuttgart-Wolfbusch"]

1. d4 e6 2. c4 f5 3. g3 Nf6 4. Bg2 Be7 5. Nc3 O-O 6. e3 d6 7. Nf3 Ne4 8. Qc2
Nxc3 9. bxc3 Bf6 10. Ba3 g5 11. c5 Nc6 12. cxd6 cxd6 13. O-O Qc7 14. c4 Bd7 15.
Rac1 Rac8 16. Rfd1 Rfd8 17. d5 Na5 18. Nd4 Qxc4 19. Qb1 Qa4 20. dxe6 Qxa3 21.
exd7 Rxc1 22. Rxc1 Qa4 23. Bd5+ Kh8 24. Qxf5 1-0

[Event "Int. Stuttgarter Stadtmeisterschaft A"]
[Site "Ditzingen"]
[Date "2019.06.??"]
[Round "6.14"]
[White "Scheynin, Julia"]
[Black "Schröter, Samuel"]
[Result "0-1"]
[WhiteElo "1972"]
[BlackElo "2161"]
[PlyCount "86"]
[EventDate "2019.??.??"]
[WhiteTeam "Karlsruher SF 1853"]
[BlackTeam "SC Böblingen 1975 e.V."]

1. Nf3 g6 2. d3 Bg7 3. e4 c5 4. g3 Nc6 5. Bg2 d6 6. h3 Nf6 7. O-O O-O 8. c3 c4
9. Re1 cxd3 10. Qxd3 Qc7 11. Nbd2 Rb8 12. Nf1 b5 13. b4 Nd7 14. Bd2 Nde5 15.
Nxe5 Nxe5 16. Qe2 Nc4 17. Rec1 Nb6 18. Ne3 Be6 19. Rc2 Qd7 20. Kh2 Rfc8 21. f4
Bc4 22. Qf2 Rc7 23. Be1 Rbc8 24. Rd1 Qd8 25. f5 a6 26. h4 Nd7 27. Bh3 Rb8 28.
Nxc4 Rxc4 29. Qf4 Be5 30. Qf3 Nf6 31. Re2 Qc7 32. Bg2 Bxc3 33. Bxc3 Rxc3 34.
Rd3 Rxd3 35. Qxd3 Ng4+ 36. Kh3 Ne5 37. Qe3 Rc8 38. Rf2 Kg7 39. h5 Qc1 40. Qxc1
Rxc1 41. hxg6 hxg6 42. Rb2 Ra1 43. g4 Nd3 0-1

[Event "Int. Stuttgarter Stadtmeisterschaft A"]
[Site "Ditzingen"]
[Date "2019.06.01"]
[Round "6.15"]
[White "Mareck, Sascha"]
[Black "Hefner, Felix"]
[Result "1/2-1/2"]
[WhiteElo "2137"]
[BlackElo "2004"]
[PlyCount "82"]
[EventDate "2019.??.??"]
[WhiteTeam "SV Nürtingen"]
[BlackTeam "BG Buchen"]

1. d4 d5 2. Nf3 Nf6 3. c4 c6 4. e3 Bf5 5. Nc3 e6 6. Nh4 Bg6 7. Qb3 Qb6 8. g3
Be4 9. Qxb6 axb6 10. f3 Bg6 11. Nxg6 hxg6 12. Bd3 Bd6 13. Kf2 Na6 14. Bd2 Nb4
15. Be2 dxc4 16. Bxc4 Nbd5 17. e4 Nxc3 18. Bxc3 Be7 19. Kg2 O-O-O 20. b4 b5 21.
Be2 Ne8 22. a4 bxa4 23. Rxa4 Nc7 24. Ra2 Bf6 25. Rd1 b5 26. Rc2 Kb7 27. f4 Ra8
28. Bf3 Rhd8 29. h4 Ra4 30. g4 Be7 31. Rdc1 Rda8 32. Be1 Ra2 33. Kg3 Rxc2 34.
Rxc2 Ra4 35. Rb2 Bf6 36. Bf2 Ra3 37. g5 Be7 38. Kg4 Rc3 39. Be2 Na6 40. d5 exd5
41. exd5 Nxb4 1/2-1/2

[Event "Int. Stuttgarter Stadtmeisterschaft A"]
[Site "Ditzingen"]
[Date "2019.06.01"]
[Round "6.16"]
[White "Forster, Lukas"]
[Black "Hüttig, Michael"]
[Result "1/2-1/2"]
[WhiteElo "1745"]
[BlackElo "2114"]
[PlyCount "93"]
[EventDate "2019.??.??"]
[WhiteTeam "Stuttgarter SF 1879"]
[BlackTeam "SC Erdmannhausen"]

1. e4 e5 2. Nf3 Nc6 3. Bb5 a6 4. Ba4 Nf6 5. O-O Nxe4 6. d4 b5 7. Bb3 d5 8. dxe5
Be6 9. c3 Bc5 10. Nbd2 O-O 11. Bc2 Nxf2 12. Rxf2 f6 13. exf6 Bxf2+ 14. Kxf2
Qxf6 15. Kg1 Rae8 16. Bd3 Bg4 17. a4 Qe7 18. Qf1 Qe3+ 19. Kh1 Ne5 20. Be2 Nf7
21. Bd1 Nd6 22. Bc2 Qe7 23. Qg1 Ne4 24. Nxe4 dxe4 25. Bg5 Qf7 26. Nd4 c5 27.
Bb3 c4 28. Bc2 Qb7 29. Be3 b4 30. Qe1 b3 31. Bd1 Bxd1 32. Qxd1 Rf6 33. Qe2 Qf7
34. Kg1 Rf8 35. h3 h6 36. Rd1 Kh8 37. Re1 Rd8 38. Rd1 Re8 39. Qg4 Kh7 40. Re1
Qd5 41. Rd1 Rd8 42. Rd2 Rg6 43. Qh4 Qa8 44. Qe7 Re8 45. Qd7 Rd8 46. Qe7 Re8 47.
Qd7 1/2-1/2

[Event "Int. Stuttgarter Stadtmeisterschaft A"]
[Site "Ditzingen"]
[Date "2019.06.01"]
[Round "6.17"]
[White "Fischer, Daniel"]
[Black "Krockenberger, Martin"]
[Result "1/2-1/2"]
[WhiteElo "2018"]
[BlackElo "2186"]
[PlyCount "45"]
[EventDate "2019.??.??"]
[WhiteTeam "SVG Offenburg"]
[BlackTeam "SK Schmiden/Cannstatt"]

1. Nf3 Nf6 2. c4 g6 3. Nc3 Bg7 4. g3 O-O 5. Bg2 d6 6. O-O e5 7. d3 c6 8. Rb1
Re8 9. Bg5 h6 10. Bxf6 Bxf6 11. b4 d5 12. cxd5 cxd5 13. e4 d4 14. Nd5 Be6 15.
Nd2 Bg7 16. Rc1 Nc6 17. b5 Bxd5 18. exd5 Ne7 19. Qb3 Nc8 20. Rc2 Nd6 21. Nc4
Bf8 22. Re1 Nxc4 23. Rxc4 1/2-1/2

[Event "Int. Stuttgarter Stadtmeisterschaft A"]
[Site "Ditzingen"]
[Date "2019.06.01"]
[Round "6.18"]
[White "BrÃ¤uner, Uwe"]
[Black "Denk, JÃ¼rgen"]
[Result "1-0"]
[WhiteElo "2163"]
[BlackElo "2028"]
[PlyCount "61"]
[EventDate "2019.??.??"]
[WhiteTeam "SF Pfullingen"]
[BlackTeam "SC Leinzell"]

1. d4 d5 2. Nf3 e6 3. Bg5 Be7 4. Bxe7 Qxe7 5. c3 c5 6. e3 Nc6 7. Nbd2 Nf6 8.
Ne5 Nxe5 9. dxe5 Nd7 10. Nf3 f6 11. c4 Nxe5 12. Nxe5 fxe5 13. Qh5+ Qf7 14. Qxe5
O-O 15. f3 Bd7 16. Bd3 Bc6 17. O-O Qf6 18. Qd6 Qxb2 19. Qxe6+ Kh8 20. cxd5 Rf6
21. Qe4 Rg6 22. f4 Re8 23. dxc6 Rxe4 24. Bxe4 Qd2 25. Bxg6 bxc6 26. Bf7 Qxe3+
27. Kh1 g6 28. h3 Kg7 29. Bb3 Kh6 30. Rae1 Qd4 31. Rc1 1-0

[Event "Int. Stuttgarter Stadtmeisterschaft A"]
[Site "Ditzingen"]
[Date "2019.06.01"]
[Round "6.19"]
[White "Hoeschele, Hans-Ulrich"]
[Black "Förster, Bernhard"]
[Result "0-1"]
[WhiteElo "1983"]
[BlackElo "2151"]
[PlyCount "52"]
[EventDate "2019.??.??"]
[WhiteTeam "Stuttgarter SF 1879"]
[BlackTeam "SK Bietigheim-Bissingen"]

1. e4 e6 2. d4 d5 3. Nd2 Be7 4. Ngf3 Nf6 5. e5 Nfd7 6. Bd3 c5 7. c3 Nc6 8. O-O
g5 9. h3 h5 10. g4 a6 11. Qe2 b5 12. dxc5 Nxc5 13. Nb3 hxg4 14. hxg4 Nxb3 15.
axb3 Bb7 16. Nd4 Qc7 17. Nf3 O-O-O 18. Re1 Kb8 19. Kg2 d4 20. Be4 f5 21. exf6
Bxf6 22. Bd2 dxc3 23. Bxc3 Bxc3 24. bxc3 Qf4 25. Ng1 Rh2+ 26. Kf1 Rd2 0-1

[Event "Int. Stuttgarter Stadtmeisterschaft A"]
[Site "Ditzingen"]
[Date "2019.06.01"]
[Round "6.20"]
[White "Schwab, Matthias"]
[Black "Schulte, Torsten"]
[Result "1-0"]
[WhiteElo "2114"]
[BlackElo "2023"]
[PlyCount "45"]
[EventDate "2019.??.??"]
[WhiteTeam "SC WeiÃŸe Dame Ulm e.V."]
[BlackTeam "SC BÃ¶blingen 1975 e.V."]

1. d4 Nf6 2. c4 e6 3. Nc3 Bb4 4. e3 O-O 5. Nge2 d5 6. a3 Be7 7. Nf4 c6 8. Bd3
Nbd7 9. O-O dxc4 10. Bxc4 e5 11. Nfe2 exd4 12. Nxd4 Ne5 13. Be2 c5 14. Nf3 Qc7
15. Nxe5 Qxe5 16. f4 Qd6 17. Qxd6 Bxd6 18. e4 Bc7 19. e5 Nd7 20. Be3 Bb6 21. a4
Ba5 22. Ne4 b6 23. Nd6 1-0

[Event "Int. Stuttgarter Stadtmeisterschaft A"]
[Site "Ditzingen"]
[Date "2019.06.01"]
[Round "6.21"]
[White "Klings, Peter"]
[Black "Zeiler, Klaus"]
[Result "1/2-1/2"]
[WhiteElo "2112"]
[BlackElo "2004"]
[PlyCount "109"]
[EventDate "2019.??.??"]
[WhiteTeam "Freibauer MÃ¶rlenbach-Birkenau"]
[BlackTeam "Stuttgarter SF 1879"]

1. Nf3 e6 2. g3 b6 3. Bg2 Bb7 4. O-O Nf6 5. d3 d5 6. Nbd2 c5 7. e4 Nc6 8. e5
Nd7 9. Re1 Qc7 10. Qe2 Be7 11. c4 Nb4 12. Rd1 dxc4 13. dxc4 O-O-O 14. Ne4 Nxe5
15. Bf4 f6 16. Bxe5 fxe5 17. Neg5 Bxg5 18. Nxg5 Rxd1+ 19. Rxd1 Bxg2 20. Kxg2 h6
21. Nf3 Nc6 22. Qe4 Kb8 23. a3 Nd4 24. Nxe5 Rf8 25. b4 Rf5 26. f4 Qb7 27. Qxb7+
Kxb7 28. Nf3 Nxf3 29. Kxf3 Kc7 30. b5 h5 31. Ke4 g5 32. Rf1 Kd6 33. Rd1+ Ke7
34. a4 h4 35. Rf1 hxg3 36. hxg3 gxf4 37. gxf4 Rh5 38. Rg1 Kf7 39. Rd1 Ke7 40.
Rg1 Kf7 41. Rd1 Ke7 42. a5 Rh7 43. a6 Rh2 44. Rg1 Kf7 45. Ke5 Rf2 46. Rh1 Kg7
47. Rd1 Re2+ 48. Kd6 Re4 49. Rc1 Rxf4 50. Kxe6 Rd4 51. Ke7 Kg6 52. Ke6 Kg7 53.
Ke5 Kf7 54. Rf1+ Kg7 55. Rg1+ 1/2-1/2

[Event "Int. Stuttgarter Stadtmeisterschaft A"]
[Site "Ditzingen"]
[Date "2019.06.01"]
[Round "6.22"]
[White "Lahouel, Kim-Luca"]
[Black "Einwiller, Dieter"]
[Result "0-1"]
[WhiteElo "1974"]
[BlackElo "2104"]
[PlyCount "40"]
[EventDate "2019.??.??"]
[WhiteTeam "Heilbronner SV"]
[BlackTeam "SF Pfullingen"]

1. e4 d5 2. exd5 Nf6 3. d4 Nxd5 4. c4 Nb6 5. Nc3 g6 6. h3 Bg7 7. Nf3 O-O 8. Be2
Nc6 9. Be3 e5 10. d5 Ne7 11. O-O f5 12. b4 e4 13. Nd4 f4 14. Nxe4 fxe3 15. fxe3
Nf5 16. Qd3 Re8 17. Rae1 Qe7 18. Bf3 Qxb4 19. Nd2 Nxd4 20. exd4 Bf5 0-1

[Event "Int. Stuttgarter Stadtmeisterschaft A"]
[Site "Ditzingen"]
[Date "2019.06.01"]
[Round "6.23"]
[White "Mikeler, Marcel"]
[Black "Schädler, Jürgen"]
[Result "1/2-1/2"]
[WhiteElo "1889"]
[BlackElo "2098"]
[PlyCount "28"]
[EventDate "2019.??.??"]
[WhiteTeam "Heilbronner SV"]
[BlackTeam "SVG Konstanz"]

1. d4 Nf6 2. Nf3 e6 3. Bf4 d5 4. e3 Bd6 5. Bxd6 Qxd6 6. c4 Nbd7 7. Nc3 c6 8. a3
O-O 9. cxd5 exd5 10. Bd3 Re8 11. Qc2 Qe7 12. O-O Ne4 13. b4 a6 14. Rab1 g5
1/2-1/2

[Event "Int. Stuttgarter Stadtmeisterschaft A"]
[Site "Ditzingen"]
[Date "2019.06.01"]
[Round "6.24"]
[White "Sanati, Charlotte"]
[Black "Reindl, Arno"]
[Result "1/2-1/2"]
[WhiteElo "2059"]
[BlackElo "1977"]
[PlyCount "89"]
[EventDate "2019.??.??"]
[WhiteTeam "SG Trier"]
[BlackTeam "SG SchwÃ¤bisch GmÃ¼nd"]

{[%evp 0,89,19,21,12,-11,43,23,70,69,41,31,23,24,30,31,23,48,67,59,56,84,76,82,
62,18,125,158,111,107,125,125,206,69,95,114,114,15,48,43,65,50,130,33,10,33,29,
0,18,31,108,108,138,138,138,138,138,138,138,134,129,129,139,96,113,113,116,52,
175,152,136,72,124,120,120,120,130,140,118,102,120,109,146,-290,146,98,120,120,
128,149,120,105]} 1. d4 Nf6 2. c4 g6 3. Nc3 d5 4. Nf3 Bg7 5. Qb3 dxc4 6. Qxc4
O-O 7. e4 Nc6 8. Be2 e5 9. d5 Nd4 10. Nxd4 exd4 11. Qxd4 c6 12. Qc4 b5 13. Qxc6
Bd7 14. Qd6 Re8 15. f3 Bf8 16. Qg3 b4 17. Nd1 Nxd5 18. Ne3 Nxe3 19. Bxe3 Bg7
20. Rd1 Qe7 21. Bd4 Bxd4 22. Rxd4 Be6 23. b3 Qc5 24. Qd6 Qc3+ 25. Kf2 Rad8 26.
Qxd8 Rxd8 27. Rxd8+ Kg7 28. Rhd1 Qc5+ 29. R8d4 a5 30. Kf1 Qc7 31. g3 Qc2 32.
R1d2 Qc3 33. Kf2 Qc1 34. Bd1 Qc3 35. f4 h5 36. R4d3 Qc5+ 37. Kg2 Qc6 38. Rd4
Qc3 39. Kf2 Qc5 40. Be2 Bg4 41. Kg2 Qc3 42. Bd1 Be6 43. R4d3 Qc6 44. Bf3 Qc1
45. Rd1 1/2-1/2

[Event "Int. Stuttgarter Stadtmeisterschaft A"]
[Site "Ditzingen"]
[Date "2019.06.01"]
[Round "6.25"]
[White "Schaffert, Walter"]
[Black "Natzmer, Franz Helmut Medina"]
[Result "1-0"]
[WhiteElo "2055"]
[BlackElo "1877"]
[PlyCount "69"]
[EventDate "2019.??.??"]
[WhiteTeam "SG Ludwigsburg 1919"]
[BlackTeam "Proleter Westfalen"]

1. e4 c5 2. d3 Nc6 3. f4 g6 4. Nf3 Bg7 5. Be2 d6 6. O-O e6 7. c3 Nge7 8. Be3 b6
9. d4 O-O 10. a3 f5 11. e5 Nd5 12. Qd2 Na5 13. Ra2 Nb3 14. Qd3 Nxe3 15. Qxe3 d5
16. c4 dxc4 17. dxc5 Ba6 18. Nbd2 Qd5 19. cxb6 axb6 20. Nxb3 cxb3 21. Raa1 Qc5
22. Qxc5 bxc5 23. Bxa6 Rxa6 24. Rac1 Ra5 25. Rc3 Rb8 26. Rd1 Bf8 27. Ng5 Ra6
28. Rd7 Rxa3 29. Nxh7 Bg7 30. Nf6+ Bxf6 31. exf6 Ra1+ 32. Kf2 Rb1 33. Rg7+ Kf8
34. Rh3 Rxb2+ 35. Kf3 1-0

[Event "Int. Stuttgarter Stadtmeisterschaft A"]
[Site "Ditzingen"]
[Date "2019.06.01"]
[Round "6.26"]
[White "Gabriel, Josef"]
[Black "Pudmensky, Stefan"]
[Result "1-0"]
[WhiteElo "2062"]
[BlackElo "1819"]
[PlyCount "85"]
[EventDate "2019.??.??"]
[WhiteTeam "Stuttgarter SF"]
[BlackTeam "SK Lauffen"]

1. e4 c5 2. Nc3 Nc6 3. g3 Nf6 4. Bg2 g6 5. d3 Bg7 6. Nge2 d6 7. O-O O-O 8. f4
Bg4 9. h3 Bxe2 10. Nxe2 Nd7 11. g4 Qb6 12. Kh1 Rac8 13. c3 a5 14. a4 e6 15. Ng3
Ne7 16. Ra3 Qc7 17. Qf3 b6 18. h4 Qd8 19. h5 f6 20. Qe2 e5 21. hxg6 hxg6 22. f5
g5 23. Qd1 Qc7 24. Rf2 Nb8 25. Bf1 Na6 26. Rh2 Nb8 27. Be3 d5 28. Qb3 Qc6 29.
Bg2 Kf7 30. exd5 c4 31. dxc4 Qxc4 32. Qxb6 Qxg4 33. Qe6+ Ke8 34. d6 Rf7 35.
dxe7 Rc7 36. Nh5 Qd1+ 37. Bg1 Bh8 38. Rb3 Nd7 39. Rb5 Qxa4 40. Bd5 Rxe7 41.
Qg8+ Nf8 42. Rb8+ Kd7 43. Qxf8 1-0

[Event "Int. Stuttgarter Stadtmeisterschaft A"]
[Site "Ditzingen"]
[Date "2019.06.01"]
[Round "6.27"]
[White "Gabriel, Robert"]
[Black "Christ, Marcel"]
[Result "1-0"]
[WhiteElo "2242"]
[BlackElo "1836"]
[PlyCount "79"]
[EventDate "2019.??.??"]
[WhiteTeam "Stuttgarter SF"]
[BlackTeam "SC Ingersheim e.V."]

1. d4 Nf6 2. Nf3 d5 3. c4 c6 4. e3 e6 5. Nbd2 Nbd7 6. Bd3 dxc4 7. Nxc4 b5 8.
Nce5 Bb7 9. O-O Bd6 10. Nxd7 Nxd7 11. Qc2 Qc7 12. b3 h6 13. Bb2 O-O 14. e4 e5
15. dxe5 Nxe5 16. Nxe5 Bxe5 17. Bxe5 Qxe5 18. Rad1 a6 19. f4 Qd4+ 20. Kh1 Qb6
21. e5 Rac8 22. f5 Rfe8 23. e6 Rc7 24. Qe2 c5 25. exf7+ Kxf7 26. Qh5+ Kf8 27.
f6 Qc6 28. Qg6 Qxg2+ 29. Qxg2 Bxg2+ 30. Kxg2 c4 31. bxc4 bxc4 32. Bg6 Rb8 33.
f7 Rc6 34. Be4 Rf6 35. Rxf6 gxf6 36. Bd5 Rd8 37. Kf3 c3 38. Ke4 f5+ 39. Ke5 Ke7
40. Bb3 1-0

[Event "Int. Stuttgarter Stadtmeisterschaft A"]
[Site "Ditzingen"]
[Date "2019.06.01"]
[Round "6.28"]
[White "Wezel, Sebastian"]
[Black "Sieker, Roland"]
[Result "1/2-1/2"]
[WhiteElo "1919"]
[BlackElo "2055"]
[PlyCount "22"]
[EventDate "2019.??.??"]
[WhiteTeam "SV Dettingen Erms"]
[BlackTeam "Mönchfelder SV 1967"]

1. e4 e5 2. Nf3 d6 3. d4 Nd7 4. Bc4 c6 5. dxe5 dxe5 6. O-O Be7 7. Ng5 Bxg5 8.
Qh5 g6 9. Qxg5 Qxg5 10. Bxg5 h6 11. Be3 Nb6 1/2-1/2

[Event "Int. Stuttgarter Stadtmeisterschaft A"]
[Site "Ditzingen"]
[Date "2019.06.01"]
[Round "6.29"]
[White "Schmidt, Markus"]
[Black "Döserich, Jürgen"]
[Result "0-1"]
[WhiteElo "1761"]
[BlackElo "2005"]
[PlyCount "78"]
[EventDate "2019.??.??"]
[WhiteTeam "Stuttgarter SF 1879"]
[BlackTeam "Schwarze Pumpe Freiburg"]

1. d4 d5 2. Nf3 e6 3. c4 c6 4. e3 f5 5. Bd3 Nf6 6. O-O Bd6 7. b3 Qe7 8. Bb2 O-O
9. Ne5 g5 10. f4 gxf4 11. exf4 Kh8 12. Nd2 Bxe5 13. fxe5 Ng4 14. Qe1 Nd7 15.
cxd5 cxd5 16. h3 Nh6 17. Nf3 Rg8 18. Bc1 Nf7 19. Be3 Nf8 20. Nh4 Bd7 21. Rc1
Rc8 22. Qf2 h6 23. Kh2 Ng5 24. Nf3 Nfh7 25. Kh1 Rcf8 26. Bf4 Ne4 27. Qe1 Qg7
28. Rc2 Nhg5 29. Qh4 Nf7 30. Bxe4 dxe4 31. Nh2 Bb5 32. Rg1 Bc6 33. Be3 Ng5 34.
Rf2 Kh7 35. g4 f4 36. Rxf4 Rxf4 37. Bxf4 e3+ 38. Rg2 Qg6 39. Bxg5 Qb1+ 0-1

[Event "Int. Stuttgarter Stadtmeisterschaft A"]
[Site "Ditzingen"]
[Date "2019.06.01"]
[Round "6.30"]
[White "Schönhof, Timo"]
[Black "Giemsa, Alexander"]
[Result "1/2-1/2"]
[WhiteElo "1991"]
[BlackElo "1890"]
[PlyCount "72"]
[EventDate "2019.??.??"]
[WhiteTeam "SK Engen"]
[BlackTeam "SC Magstadt"]

1. e4 e5 2. Nf3 Nc6 3. d4 exd4 4. Bc4 Nf6 5. e5 d5 6. Bb5 Nd7 7. O-O Be7 8.
Bxc6 bxc6 9. Nxd4 Nxe5 10. Re1 c5 11. Rxe5 cxd4 12. Qxd4 Be6 13. Qa4+ Qd7 14.
Qxd7+ Kxd7 15. c3 h5 16. Nd2 h4 17. Nb3 h3 18. g3 f6 19. Re1 Bg4 20. Be3 Bf3
21. Nd4 Be4 22. Rad1 Rh5 23. f3 Bg6 24. b4 a6 25. Rd2 Re5 26. Kf2 Bh5 27. a3 g5
28. f4 Re4 29. Nf5 c6 30. Nxe7 Rxe7 31. Bc5 Rxe1 32. Kxe1 Re8+ 33. Kf2 Re4 34.
Be3 g4 35. Bd4 f5 36. Re2 Rxe2+ 1/2-1/2